000 00672cam a22002053a 4500
001 43948
003 PGUSA
005 20140828084012.0
008 131014s2013||||xxu|||||s|||||000 | eng d
040 _aPGUSA
_beng
042 _adc
100 1 _aSismondi, J.-C.-L. Simonde de
_q(Jean-Charles-Léonard Simonde),
_d1773-1842
245 1 0 _aStoria delle repubbliche italiane dei secoli di mezzo, v. 8
_h[electronic resource] /
_cJ.-C.-L. Simonde de Sismondi
260 _bProject Gutenberg,
_c2013
506 _aPublic domain in the USA.
516 _aElectronic text
830 0 _aProject Gutenberg
_v43948
856 4 0 _uhttp://www.gutenberg.org/ebooks/43948
942 _cEB
999 _c273199
_d273199